| 000 | 00561nmm a2200229 a 4500 | ||
|---|---|---|---|
| 003 | AR-X00000XY | ||
| 005 | 20251128211921.0 | ||
| 008 | 277020s1965 ||||||||||||||000 | spa|| | ||
| 040 | _cAR-X00000XY | ||
| 100 | 1 | _aDewey, John | |
| 245 | 1 | 0 | _aTeoría de la vida moral |
| 250 | _a1ª ed. | ||
| 260 |
_aMéxico, D.F. _bHerrero Hermanos _c1965 |
||
| 300 | 0 | _a203 p. | |
| 650 | 4 | _aETICA | |
| 650 | 4 | _aCONOCIMIENTO | |
| 650 | 4 | _aTEORIA DEL CONOCIMIENTO | |
| 650 | 4 | _aLIBERTAD | |
| 700 | 1 |
_aIsenberg, Arnold _eprologuista |
|
| 942 | _cBK | ||
| 998 | _ceuge | ||
| 999 |
_c21614 _d21614 |
||